Juvenile delinquency

Gespeichert in:
Bibliographische Detailangaben
1. Verfasser: Siegel, Larry J.
Weitere Verfasser: Senna, Joseph J.
Format: Buch
Sprache:Englisch
Veröffentlicht: St. Paul West Publishing Company 1988
Ausgabe:3. ed.
Schlagworte:
Tags: Tag hinzufügen
Keine Tags, Fügen Sie das erste Tag hinzu!

MARC

LEADER 00000nam a2200000 4500
001 c124635
005 20221123135428.0
020 |a 0-314-63180-1 
041 0 |a eng 
044 |a US 
245 1 0 |a Juvenile delinquency  |c Larry J. Siegel, Joseph J. Senna 
250 |a 3. ed. 
264 1 |a St. Paul  |b West Publishing Company  |c 1988 
300 |a 616 s. 
610 2 0 |a právo 
610 2 0 |a právo občianske 
610 2 0 |a mladiství 
610 2 0 |a kriminalita 
610 2 0 |a právo trestné 
100 1 |a Siegel, Larry J. 
700 1 |a Senna, Joseph J.